000 00944nas a2200301 4500
001 BR2015000691
003 BR-BrBNA
005 20231205125002.0
007 ta
008 230509b bl.|||p| |||| 00| 00por d
040 _aBR-BrBNA
_bpor
_cBiblioteca Nacional de Agricultura
041 _a(En)
072 _aM12
100 1 _aLago, A. de A.
100 1 _aFreitas, R.T.F. de
100 1 _aPimenta, M.E. de S.G.
100 1 _aMattos, B.O. de
100 1 _aReis Neto, R.V.
100 1 _aCosta, A.C.
245 1 _aStocking densities of juvenile Brycon orthotaenia: production parameters and economic benefits in net cages
650 _aMATRINXÃ
650 _aPEIXE DE ÁGUA DOCE
650 _aESTOCAGEM
650 _aRENTABILIDADE
773 0 _tActa Scientiarum. Animal Sciences (Brazil)
_xISSN 1806-2636
_g(Jul-Sep 2014), v. 36(3) p. 253-258
_wBR2015000691
909 _a202311
_bLúcia
_c55
_dLúcia Elande
942 _2AGRIS
_n0
_cANA
999 _c241993
_d241993